000 00870cam a2200301 a 4500
999 _c926
_d926
001 15657671
003 OSt
005 20191227085358.0
008 090312r20052004nyu d 000 1 eng
010 _a 2004118121
020 _a9781442413603
040 _aDLC
_cDLC
_dDLC
042 _alcac
082 _aFIC MUC
100 1 _aMuchamore, Robert.
_eauthor
245 1 4 _aThe recruit /
_cRobert Muchamore.
250 _a1st U.S. ed.
260 _aNew York :
_bSimon Pulse,
_c2005
300 _a342 p. ;
_c19 cm.
490 0 _aCherub
500 _a"Mission 1"--Cover.
500 _a"Originally published in Great Britain in 2004 by Hodder Children's Books."--T.p. verso.
650 1 _aSpies
_vFiction.
650 1 _aAdventure and adventurers
_vFiction.
650 1 _aOrphans
_vFiction.
906 _a7
_bcbc
_corignew
_d2
_encip
_f20
_gy-gencatlg
942 _2ddc
_cFIC